عرض عادي
عرض مارك
- Multicasting (Computer networks)
مدخل مصطلح موضوعي
001 - رقم الضبط
- حقل الضبط: 41449
003 - معرف رقم الضبط
- حقل الضبط: OSt
005 - تاريخ ووقت أخر عملية
- حقل الضبط: 20140106164423.0
008 - عناصر بيانات ثابتة الطول
- حقل تحكم ثابت الطول: 140106|||a|||||| | ||| d
040 ## - مصدر الفهرسة
- هيئة الفهرسة الأصلية: OSt
- وكالة الكتابة: OSt
150 ## - مدخل-- مصطلح تاريخي
- عنصر مدخل المصطلح الموضوعي او الاسم الجغرافي: Multicasting (Computer networks)
670 ## - بيانات المصدر موجوده
- الاستشهاد بالمصدر: Work cat.: (OSt)0: Joseph, Vinod. 41448, Deploying next generation multicast-enabled applications :, c2011.
